One Piece - Lettre L - Statistiques

Statistiques générales
  • Ce quiz a été pris 124 fois
  • Le résultat moyen est 15 sur 25
Statistiques - réponses
Indice Réponse % Correct
Futur roi des pirates Luffy
100%
Membre du CP9 le plus puissant selon Fukuro Lucci
86%
Grande Baleine abandonnée au cap des jumeaux par l'équipage du rhum bar Laboon
85%
Boussole spéciale utilisée pour naviguer sur la Grand Line Log Pose
81%
astre qui donne leur vraie puissance au Minks Lune
81%
Type de fruit du démon permettant de fusionner avec un élément Logia
80%
Humain possédant le fruit du démon à la plus haute valeur Law
77%
Géant connu sous le nom de "Prince De La Malédiction" Loki
77%
Île où est sensé se caché le One Piece Laugh Tale
75%
Île préhistorique se trouvant au début de Grand Line Little Garden
65%
Première fille de Big Mom apparu dans l'histoire Laura
62%
Neuvième rang le plus élevé pour un soldat de la Marine Lieutenant
61%
Île où tous commence et où tous se finis Loguetown
59%
Commandant de la 5e flotte de La Grande Flotte du Chapeau de Paille Leo
56%
Île théâtre du Davy Back Fight entre Luffy et Foxy Long Ring Long Land
56%
Cuisinier de l'équipage du Roux, il a plutôt bien vieilli Lucky Roux
54%
Membre le plus âgé de la Don Quichotte Family Lao G
53%
Membre de l’équipage de Barbe Noire, ancien policier corrompu Laffite
50%
le descendant d'Oars, il a aidé Luffy à Marine Ford Little Oars Jr
48%
Etrange type de sabre au grand pouvoir, la plus connu étant celle de Mihawk Lame Noire
43%
Race Antique étant réputée invincible et comparée à des dieux Lunarias
42%
Commandant de l'armée révolutionnaire en charge de l'armée du sud Lindbergh
40%
Créature en laquelle se transforme Yamato avec son Zoan Mythique Loup Divin
24%
officier de l'Équipage du Roux, relativement mince et blond Lime Juice
19%
Thème central de One Piece régissant les relation entre les pirates Loyauté
18%
Aucun quiz correspondant
Distribution des résultats
% des personnes avec chaque résultat
Percentile par nombre de réponses
Votre historique - résultats
Vous n’avez pas pris ce quiz